000 00639nam a2200205Ia 4500
003 GCL
008 140319s9999 xx 000 0 ara d
040 _aGCL /
_cGCL
082 0 4 _a229.7
_bم م
100 1 _aمحمد جمال الدين الفندى
245 1 0 _aمع القران فى الكون /
_cمحمد جمال الدين الفندى
260 _a[S.N] :
_bالهيئة المصرية العامة للكتاب ،
_c1992
300 _a210 ص
490 _a
650 0 4 _aالاسلام
650 0 4 _aالديانات
650 0 4 _aالاعجاز العلمى للقران
650 0 4 _aالقران
942 _2ddc
_cBK
999 _c29543
_d29543